[Event "8th Tournament of Peace"]
[Site "Zagreb CRO"]
[Date "2022.10.17"]
[Round "6.2"]
[White "Livaic, Leon"]
[Black "Bosiocic, Marin"]
[Result "0-1"]
[WhiteElo "2574"]
[BlackElo "2548"]
[EventDate "2022.10.12"]
[PlyCount "80"]

1.e4 d6 2.d4 Nf6 3.Bd3 e5 4.c3 d5 5.dxe5 Nxe4 6.Nd2 Nc5 7.Bc2 Qg5 8.Ngf3 
Qxg2 9.Rg1 Qh3 10.b4 Ne6 11.Nf1 c6 12.Rg3 Qh5 13.Ne3 g6 14.Ng4 Bg7 15.Bh6 
Nd7 16.Bxg7 Nxg7 17.Qd2 Nf5 18.Bxf5 gxf5 19.Nf6+ Nxf6 20.exf6 Be6 21.Qf4 
O-O-O 22.O-O-O Rhg8 23.Ng5 Qe2 24.Rd2 Qa6 25.Nxe6 fxe6 26.Qe3 Kd7 27.Re2 
c5 28.b5 Qd6 29.Qh6 Rgf8 30.Rg7+ Kc8 31.Re7 e5 32.Qxh7 Rxf6 33.R2xe5 c4 
34.Kb1 d4 35.cxd4 Qxd4 36.Re1 c3 37.R7e2 Qd3+ 38.Rc2 Qxb5+ 39.Ka1 Qd3 40.
Rb1 Rb6 0-1

[Event "8th Tournament of Peace"]
[Site "Zagreb CRO"]
[Date "2022.10.17"]
[Round "6.3"]
[White "Moussard, Jules"]
[Black "Stevic, Hrvoje"]
[Result "1-0"]
[WhiteElo "2686"]
[BlackElo "2554"]
[EventDate "2022.10.12"]
[PlyCount "89"]

1.e4 e5 2.Nf3 Nc6 3.Bb5 a6 4.Ba4 d6 5.O-O Nf6 6.c3 Nxe4 7.d4 Bd7 8.Re1 Nf6
9.Bxc6 Bxc6 10.dxe5 dxe5 11.Qxd8+ Kxd8 12.Nxe5 Be8 13.Bg5 h6 14.Bxf6+ gxf6
15.Ng4 Be7 16.Nd2 Bd7 17.Ne3 Re8 18.Rad1 Bf8 19.Nb3 a5 20.Rd5 Re5 21.Rd2 
a4 22.Red1 axb3 23.Rxd7+ Ke8 24.a3 Bd6 25.R1xd6 cxd6 26.Rxb7 Raa5 27.Rxb3 
Rab5 28.Rxb5 Rxb5 29.b4 Kd7 30.Kf1 Kc6 31.Ke2 Rh5 32.h3 Kb5 33.Kd3 Re5 34.
Kd4 f5 35.c4+ Kc6 36.b5+ Kd7 37.a4 f4 38.Nd5 Re2 39.a5 Rd2+ 40.Ke4 Rc2 41.
a6 Kc8 42.b6 Rxc4+ 43.Kd3 Rc5 44.Kd4 Ra5 45.Ne7+ 1-0

[Event "8th Tournament of Peace"]
[Site "Zagreb CRO"]
[Date "2022.10.17"]
[Round "6.4"]
[White "Santos Latasa, Jaime"]
[Black "Shevchenko, Kirill"]
[Result "1/2-1/2"]
[WhiteElo "2677"]
[BlackElo "2645"]
[EventDate "2022.10.12"]
[PlyCount "26"]

1.Nf3 Nf6 2.c4 g6 3.Nc3 Bg7 4.e4 d6 5.d4 O-O 6.Be2 e5 7.O-O exd4 8.Nxd4 
Re8 9.f3 c6 10.Kh1 d5 11.cxd5 cxd5 12.Bg5 Nc6 13.Bb5 h6 1/2-1/2

[Event "8th Tournament of Peace"]
[Site "Zagreb CRO"]
[Date "2022.10.17"]
[Round "6.5"]
[White "Kozul, Zdenko"]
[Black "Zelcic, Robert"]
[Result "0-1"]
[WhiteElo "2549"]
[BlackElo "2492"]
[EventDate "2022.10.12"]
[PlyCount "86"]

1.d4 Nf6 2.c4 e6 3.Nf3 d5 4.g3 dxc4 5.Bg2 Bb4+ 6.Bd2 a5 7.Na3 Bxa3 8.bxa3 
O-O 9.Qc2 b5 10.Ng5 Ra6 11.h4 Nbd7 12.Rb1 c6 13.f4 Re8 14.Bf3 Nf8 15.e3 
Bd7 16.a4 Nd5 17.Ne4 Qe7 18.Nc5 Ra7 19.e4 Nb4 20.Bxb4 axb4 21.e5 Rd8 22.
axb5 cxb5 23.Rxb4 Be8 24.Qb2 Ra5 25.O-O Rc8 26.a3 Qa7 27.Ra1 Rc7 28.Kg2 h6
29.h5 Bc6 30.Bxc6 Rxc6 31.Rxb5 c3 32.Qb4 Rxb5 33.Qxb5 Rb6 34.Qd3 Rb2+ 35.
Kh3 Qa8 36.Qe4 Qa5 37.Qe1 Qb5 38.Rc1 Rd2 39.Ne4 Re2 40.Qh1 Qd3 41.Nd6 c2 
42.Qb7 Qd2 43.Kg4 Rh2 0-1

[Event "8th Tournament of Peace"]
[Site "Zagreb CRO"]
[Date "2022.10.18"]
[Round "7.1"]
[White "Zelcic, Robert"]
[Black "Palac, Mladen"]
[Result "1/2-1/2"]
[WhiteElo "2492"]
[BlackElo "2516"]
[EventDate "2022.10.12"]
[PlyCount "21"]

1.Nf3 d5 2.g3 c6 3.d3 Bg4 4.Bg2 e6 5.O-O Nd7 6.e4 Ngf6 7.Nbd2 dxe4 8.Nxe4 
Nxe4 9.dxe4 e5 10.h3 Be6 11.Be3 1/2-1/2

[Event "8th Tournament of Peace"]
[Site "Zagreb CRO"]
[Date "2022.10.18"]
[Round "7.2"]
[White "Shevchenko, Kirill"]
[Black "Kozul, Zdenko"]
[Result "1-0"]
[WhiteElo "2645"]
[BlackElo "2549"]
[EventDate "2022.10.12"]
[PlyCount "107"]

1.e4 c5 2.Nf3 d6 3.Nc3 Nf6 4.d4 cxd4 5.Nxd4 Nc6 6.Bg5 e6 7.Qd3 Bd7 8.Ndb5 
Nb4 9.Qd1 Bxb5 10.Bxb5+ Nc6 11.Qf3 h6 12.Bh4 Qb6 13.Bxf6 gxf6 14.Qxf6 Rg8 
15.Qf3 Rg5 16.Bxc6+ Qxc6 17.O-O Bg7 18.Rad1 Rc8 19.Rd3 Qb6 20.h4 Rg6 21.b3
Be5 22.Na4 Qd8 23.h5 Qh4 24.g3 Rg4 25.c4 Qxh5 26.Nc3 Ke7 27.Rfd1 a6 28.Ne2
Qg6 29.Qg2 Rxe4 30.f4 Bf6 31.Rxd6 Kf8 32.Qf3 Rxe2 33.f5 Qxf5 34.Qxe2 Rc5 
35.Rf1 Qg6 36.Rd3 Rg5 37.Kg2 Be5 38.Rff3 h5 39.Rde3 Bc7 40.Qd3 h4 41.g4 
Rxg4+ 42.Kh3 Qxd3 43.Rxd3 f5 44.Rd7 Bg3 45.Rfd3 Rg7 46.Rxg7 Kxg7 47.Rd7+ 
Kf6 48.Rxb7 e5 49.c5 e4 50.c6 e3 51.c7 Bxc7 52.Rxc7 Kg5 53.Re7 Kf4 54.b4 
1-0

[Event "8th Tournament of Peace"]
[Site "Zagreb CRO"]
[Date "2022.10.18"]
[Round "7.3"]
[White "Stevic, Hrvoje"]
[Black "Santos Latasa, Jaime"]
[Result "0-1"]
[WhiteElo "2554"]
[BlackElo "2677"]
[EventDate "2022.10.12"]
[PlyCount "70"]

1.e4 c6 2.Nf3 d5 3.d3 g6 4.Qe2 Bg7 5.g3 d4 6.Bg2 e5 7.O-O c5 8.a4 Nc6 9.
Na3 Nge7 10.Nh4 O-O 11.f4 exf4 12.gxf4 f5 13.Nc4 Kh8 14.Bd2 fxe4 15.dxe4 
Be6 16.Ra3 d3 17.cxd3 Nd4 18.Qd1 Nec6 19.Be1 g5 20.fxg5 Rxf1+ 21.Kxf1 Qxg5
22.Bg3 Rf8+ 23.Kg1 Bg4 24.Qd2 Qxd2 25.Nxd2 Nc2 26.Rb3 b6 27.Nhf3 N2d4 28.
Nxd4 Nxd4 29.Ra3 Ne2+ 30.Kh1 Nxg3+ 31.hxg3 Bxb2 32.Ra2 Bd4 33.Nf1 Be6 34.
Re2 Kg7 35.Nh2 Rf2 0-1

[Event "8th Tournament of Peace"]
[Site "Zagreb CRO"]
[Date "2022.10.18"]
[Round "7.4"]
[White "Bosiocic, Marin"]
[Black "Moussard, Jules"]
[Result "0-1"]
[WhiteElo "2548"]
[BlackElo "2686"]
[EventDate "2022.10.12"]
[PlyCount "134"]

1.Nf3 d5 2.g3 Nf6 3.Bg2 e6 4.O-O Be7 5.c4 O-O 6.b3 b6 7.d4 Bb7 8.Nc3 dxc4 
9.bxc4 Ne4 10.Bb2 c5 11.d5 Nxc3 12.Bxc3 exd5 13.cxd5 Qxd5 14.Qb1 Nc6 15.
Ne5 Qe6 16.Nd3 Bd6 17.Qb2 f6 18.Rad1 Kh8 19.Rd2 Rab8 20.Rfd1 Ne7 21.e4 Nc6
22.f4 Rbd8 23.e5 Be7 24.exf6 Bxf6 25.Ne5 Rxd2 26.Qxd2 Rd8 27.Bd5 Nxe5 28.
Bxe6 Nf3+ 29.Kf2 Nxd2 30.Rxd2 Rxd2+ 31.Bxd2 g6 32.g4 h6 33.Kg3 g5 34.fxg5 
hxg5 35.h4 gxh4+ 36.Kh3 Kg7 37.g5 Be5 38.Kxh4 Bf3 39.Bc4 Bd1 40.Bb5 a5 41.
Bc1 Kf7 42.Bc4+ Kg7 43.Bb5 Bf3 44.Be3 Bd5 45.a4 Bf3 46.Bf2 Bd1 47.Be3 Kg6 
48.Bd3+ Kf7 49.Bb5 Kg7 50.Bf2 Kg6 51.Bd3+ Kf7 52.Bb5 Ke6 53.Bc4+ Kf5 54.
Bd3+ Kf4 55.Bb5 Kf3 56.Be1 Be2 57.Bc6+ Ke3 58.g6 c4 59.g7 Bxg7 60.Kg3 Be5+
61.Kg2 Bd4 62.Be8 Bf3+ 63.Kf1 Kd3 64.Bb5 Be2+ 65.Kg2 Kc2 66.Bf2 Bxf2 67.
Kxf2 Kd2 0-1

[Event "8th Tournament of Peace"]
[Site "Zagreb CRO"]
[Date "2022.10.18"]
[Round "7.5"]
[White "Yilmaz, Mustafa"]
[Black "Livaic, Leon"]
[Result "0-1"]
[WhiteElo "2621"]
[BlackElo "2574"]
[EventDate "2022.10.12"]
[PlyCount "94"]

1.c4 e6 2.Nc3 d5 3.d4 Nf6 4.cxd5 exd5 5.Bg5 Bb4 6.e3 h6 7.Bh4 g5 8.Bg3 Ne4
9.Ne2 h5 10.h4 Nxg3 11.Nxg3 gxh4 12.Nxh5 c6 13.a3 Bd6 14.f4 Nd7 15.g4 Nf6 
16.Rxh4 Nxh5 17.Rxh5 Rxh5 18.gxh5 Bf5 19.Kd2 Qd7 20.Bd3 Bg4 21.Be2 Bf5 22.
Bd3 Bg4 23.Be2 Bf5 24.Qh1 O-O-O 25.Rg1 Rh8 26.Rg3 Kb8 27.Qg2 Bh7 28.Qh3 
Qe8 29.Qg4 f6 30.Qh3 c5 31.Qg4 cxd4 32.exd4 Be4 33.Ke1 f5 34.Qg5 Be7 35.
Qg7 Bh4 36.Kd2 Bxg3 37.Qxg3 Rg8 38.Qh4 Qe6 39.Na4 Qc6 40.Nc5 b6 41.Na6+ 
Ka8 42.Nb4 Qc7 43.h6 Rc8 44.Na2 Qc2+ 45.Ke3 Qb3+ 46.Kf2 Qxb2 47.Qf6 Bd3 
0-1

[Event "8th Tournament of Peace"]
[Site "Zagreb CRO"]
[Date "2022.10.19"]
[Round "8.2"]
[White "Moussard, Jules"]
[Black "Yilmaz, Mustafa"]
[Result "1/2-1/2"]
[WhiteElo "2686"]
[BlackElo "2621"]
[EventDate "2022.10.12"]
[PlyCount "120"]

1.e4 e5 2.Nf3 Nc6 3.Bb5 a6 4.Ba4 Nf6 5.d3 Bc5 6.c3 b5 7.Bb3 d5 8.Nbd2 O-O 
9.O-O Be6 10.exd5 Bxd5 11.Qe2 Re8 12.Ne4 Be7 13.c4 bxc4 14.Bxc4 Bxc4 15.
dxc4 Nd4 16.Nxd4 exd4 17.Rd1 Bd6 18.Nxf6+ Qxf6 19.Qd3 Re6 20.g3 Rae8 21.
Bd2 Re2 22.Rf1 Qg6 23.Qxg6 hxg6 24.Rad1 a5 25.b3 Bb4 26.Bxb4 axb4 27.Rxd4 
Rxa2 28.Rfd1 Ree2 29.Rf4 Rad2 30.Ra1 Ra2 31.Rxa2 Rxa2 32.Kg2 g5 33.Rf5 g4 
34.Rb5 c5 35.Rxc5 Rb2 36.Rg5 Rxb3 37.Rxg4 Rc3 38.c5 b3 39.Rb4 Rxc5 40.Rxb3
g6 41.Kf3 Kg7 42.h4 f5 43.Rb7+ Kf6 44.Rb6+ Kg7 45.Rb4 Kf6 46.Ke3 Rc3+ 47.
Kf4 Rc6 48.f3 Ra6 49.Rd4 Rb6 50.Ke3 Re6+ 51.Kd3 Re1 52.Ra4 Rg1 53.Ke3 Re1+
54.Kf4 Re6 55.g4 fxg4 56.fxg4 g5+ 57.hxg5+ Kg6 58.Ra5 Rb6 59.Rf5 Rb4+ 60.
Kg3 Rb1 1/2-1/2

[Event "8th Tournament of Peace"]
[Site "Zagreb CRO"]
[Date "2022.10.19"]
[Round "8.3"]
[White "Santos Latasa, Jaime"]
[Black "Bosiocic, Marin"]
[Result "1-0"]
[WhiteElo "2677"]
[BlackElo "2548"]
[EventDate "2022.10.12"]
[PlyCount "61"]

1.e4 c5 2.Nf3 Nc6 3.Nc3 e5 4.Bc4 Be7 5.d3 d6 6.h3 Nf6 7.Bg5 O-O 8.Bxf6 
Bxf6 9.Nd5 g6 10.a4 Bg7 11.Qd2 Na5 12.Ba2 h6 13.h4 Be6 14.h5 g5 15.Nh2 Rc8
16.Nf1 b6 17.Nfe3 g4 18.Nf5 Kh7 19.Bc4 Bxf5 20.exf5 e4 21.Ba6 exd3 22.f6 
Re8+ 23.Kf1 c4 24.Bxc8 Qxc8 25.fxg7 Qf5 26.Ne3 Rxe3 27.Qxe3 dxc2 28.Re1 
Nb3 29.Kg1 Kxg7 30.Qc3+ Qf6 31.Qxc2 1-0

[Event "8th Tournament of Peace"]
[Site "Zagreb CRO"]
[Date "2022.10.19"]
[Round "8.4"]
[White "Kozul, Zdenko"]
[Black "Stevic, Hrvoje"]
[Result "1/2-1/2"]
[WhiteElo "2549"]
[BlackElo "2554"]
[EventDate "2022.10.12"]
[PlyCount "23"]

1.Nf3 c5 2.c4 Nc6 3.Nc3 g6 4.g3 Bg7 5.Bg2 d6 6.O-O Nf6 7.a3 O-O 8.Rb1 a5 
9.d3 Rb8 10.Bd2 Bd7 11.Ne1 Ne8 12.Nc2 1/2-1/2

[Event "8th Tournament of Peace"]
[Site "Zagreb CRO"]
[Date "2022.10.19"]
[Round "8.5"]
[White "Zelcic, Robert"]
[Black "Shevchenko, Kirill"]
[Result "0-1"]
[WhiteElo "2492"]
[BlackElo "2645"]
[EventDate "2022.10.12"]
[PlyCount "148"]

1.e4 c5 2.Nf3 Nc6 3.d4 cxd4 4.Nxd4 Nf6 5.Nc3 e5 6.Ndb5 d6 7.Bg5 a6 8.Na3 
b5 9.Nd5 Be7 10.Bxf6 Bxf6 11.c4 b4 12.Nc2 O-O 13.Be2 a5 14.O-O Bg5 15.Qd3 
Be6 16.Rad1 g6 17.a3 Qb8 18.axb4 Bxd5 19.exd5 Nxb4 20.Qc3 Nxc2 21.Qxc2 Rc8
22.Rd3 Qa7 23.Rb3 Rab8 24.Rxb8 Rxb8 25.g3 Bd8 26.Ra1 Qd4 27.Ra2 Bb6 28.Bf1
Bc5 29.b3 e4 30.Kg2 Kg7 31.h4 e3 32.Rxa5 exf2 33.Ra2 Qe3 34.Rb2 Qe5 35.Rb1
Kg8 36.Qe2 Qf5 37.Qd3 Qf6 38.Qf3 Qe7 39.Qe2 Qf6 40.Qf3 Qe7 41.Qe2 Qd7 42.
b4 Rxb4 43.Rxb4 Bxb4 44.Qxf2 Bc5 45.Qf3 h5 46.Bd3 Qe7 47.Qe4 Qf6 48.Qf3 
Qd4 49.Kh3 Qa1 50.Bf1 Bd4 51.Bd3 Kg7 52.Qf1 Qc3 53.Qe2 Be5 54.Qe3 Qa1 55.
Qf3 Qg1 56.Be2 f6 57.Qg2 Qe1 58.Qf3 Kf7 59.Bd3 Qg1 60.Be2 Ke7 61.Qg2 Qe1 
62.Bf3 f5 63.Kh2 f4 64.Kh3 fxg3 65.Be4 Qd1 66.Qf3 Qd2 67.Qg2 Qd4 68.Qe2 
Kf6 69.Bd3 g2 70.Kxg2 Qxh4 71.Qf3+ Kg7 72.c5 dxc5 73.Be4 Qh2+ 74.Kf1 Qf4 
0-1

[Event "8th Tournament of Peace"]
[Site "Zagreb CRO"]
[Date "2022.10.20"]
[Round "9.1"]
[White "Shevchenko, Kirill"]
[Black "Palac, Mladen"]
[Result "1-0"]
[WhiteElo "2645"]
[BlackElo "2516"]
[EventDate "2022.10.12"]
[PlyCount "75"]

1.e4 e5 2.Nf3 Nc6 3.Bb5 a6 4.Ba4 Nf6 5.Nc3 Bc5 6.d3 b5 7.Bb3 d6 8.Nd5 h6 
9.c3 Rb8 10.O-O O-O 11.d4 Ba7 12.Be3 Ng4 13.dxe5 Nxe3 14.Nxe3 Nxe5 15.Nxe5
dxe5 16.Qh5 Bxe3 17.fxe3 Qe8 18.Rf6 Rb6 19.Rxb6 cxb6 20.Rd1 Be6 21.Bd5 
Bxd5 22.exd5 f6 23.Qf5 Qc8 24.Qe6+ Kh7 25.Qxb6 Qc4 26.Rd2 Qxa2 27.d6 Qb1+ 
28.Kf2 Qf5+ 29.Ke1 Qb1+ 30.Ke2 Qe4 31.d7 Qxg2+ 32.Kd1 Qh1+ 33.Kc2 Qe4+ 34.
Kc1 Qh1+ 35.Rd1 Qxh2 36.d8=Q Rxd8 37.Qxd8 e4 38.Qd5 1-0

[Event "8th Tournament of Peace"]
[Site "Zagreb CRO"]
[Date "2022.10.20"]
[Round "9.2"]
[White "Stevic, Hrvoje"]
[Black "Zelcic, Robert"]
[Result "1/2-1/2"]
[WhiteElo "2554"]
[BlackElo "2492"]
[EventDate "2022.10.12"]
[PlyCount "21"]

1.d4 c5 2.d5 b5 3.c4 bxc4 4.e4 d6 5.Nf3 Nf6 6.Nc3 g6 7.Bxc4 Bg7 8.h3 O-O 
9.O-O Ba6 10.Nd2 Bxc4 11.Nxc4 1/2-1/2

[Event "8th Tournament of Peace"]
[Site "Zagreb CRO"]
[Date "2022.10.20"]
[Round "9.4"]
[White "Yilmaz, Mustafa"]
[Black "Santos Latasa, Jaime"]
[Result "1/2-1/2"]
[WhiteElo "2621"]
[BlackElo "2677"]
[EventDate "2022.10.12"]
[PlyCount "35"]

1.d4 Nf6 2.c4 e6 3.Nf3 d5 4.Nc3 Bb4 5.Qa4+ Nc6 6.e3 O-O 7.Qc2 Re8 8.Bd2 
Bf8 9.Be2 Nb4 10.Qb1 dxc4 11.Bxc4 b6 12.O-O Bb7 13.Rd1 Qb8 14.a3 Nbd5 15.
Bd3 c5 16.dxc5 bxc5 17.Ne4 Nxe4 18.Bxe4 1/2-1/2

[Event "8th Tournament of Peace"]
[Site "Zagreb CRO"]
[Date "2022.10.20"]
[Round "9.5"]
[White "Livaic, Leon"]
[Black "Moussard, Jules"]
[Result "0-1"]
[WhiteElo "2574"]
[BlackElo "2686"]
[EventDate "2022.10.12"]
[PlyCount "112"]

1.d4 Nf6 2.c4 e6 3.Nf3 d5 4.Nc3 dxc4 5.e4 b5 6.e5 Nd5 7.Nxb5 Nb6 8.Be2 Nc6
9.O-O Be7 10.Be3 O-O 11.b3 cxb3 12.axb3 Bb7 13.Nc3 Nb4 14.Nd2 N6d5 15.Nxd5
Nxd5 16.Qc2 c5 17.dxc5 Nxe3 18.fxe3 Qd5 19.Bf3 Qxc5 20.Qxc5 Bxc5 21.Bxb7 
Rab8 22.Bf3 Bxe3+ 23.Rf2 Rfc8 24.Kf1 Rc2 25.Ne4 Bxf2 26.Nxf2 Rc7 27.Bd1 
Rb5 28.Nd3 Rd5 29.Be2 g6 30.b4 Rc3 31.Ne1 Rxe5 32.Rxa7 Rb3 33.b5 Rb2 34.
Bd3 Re3 35.Rc7 Kg7 36.Rc5 Kf6 37.Bc2 h6 38.Nf3 Ra3 39.Ke1 Ra5 40.Nd4 Rb4 
41.Nf3 Rbxb5 42.Rxb5 Rxb5 43.g4 Rb4 44.h3 e5 45.Kd2 Ke6 46.g5 e4 47.Kc3 
exf3 48.Kxb4 hxg5 49.Kc3 Ke5 50.Kd2 Kf4 51.Bb3 f5 52.Bd5 Kg3 53.Ke3 Kxh3 
54.Kxf3 g4+ 55.Kf2 Kh2 56.Bg2 g5 0-1